| 000 | 01051nam a2200325 i 4500 | ||
|---|---|---|---|
| 001 | 11322 | ||
| 003 | KOSZ 005 | ||
| 005 | 20240405063006.0 | ||
| 008 | 071017s1966 pl a f 000 0 pol | ||
| 015 | _aPB 1967/1078 | ||
| 040 |
_aWA N _cWA N _dKOSZ 005/RW _dKOSZ 005/HR |
||
| 046 | _k1966 | ||
| 080 | _a330.242.15 | ||
| 080 | _a330.84/.86(438) | ||
| 100 | 1 |
_aLange, Oskar _d(1904-1965) _eAutor |
|
| 245 | 1 | 0 |
_aO socjaliźmie i gospodarce socjalistycznej / _cOskar Lange. |
| 260 |
_aWarszawa : _bPaństwowe Wydawnictwo Naukowe, _c1966. |
||
| 300 |
_a454, [1] s. : _bil. ; _c18 cm. |
||
| 380 | _aKsiążki | ||
| 388 | _a1901-2000 | ||
| 388 | _a1945-1989 | ||
| 648 | 4 | _a1901-2000 | |
| 648 | 4 | _a1945-1989 | |
| 650 | 4 | _aGospodarka socjalistyczna | |
| 651 | 4 | _aPolska | |
| 658 | _aGospodarka, ekonomia, finanse | ||
| 710 | 2 |
_aPaństwowe Wydawnictwo Naukowe _4pbl. |
|
| 856 |
_uhttp://koha.tu.koszalin.pl/cgi-bin/koha/opac-detail.pl?biblionumber=11322 _yKatalog online BPK |
||
| 942 |
_2UKD _cKS |
||
| 999 |
_c11322 _d11322 |
||